[Event "Unterfranken-ch HA 51th"]
[Site "Sailauf"]
[Date "2000.04.25"]
[Round "3"]
[White "Schillaci, Thorsten"]
[Black "Gopp, Udo"]
[Result "1/2-1/2"]
[WhiteElo "1407"]
[BlackElo "1695"]
[PlyCount "42"]
[EventDate "2000.04.24"]
[EventType "swiss"]
[EventRounds "9"]
[EventCountry "GER"]
[SourceTitle "EXT 2015"]
[Source "ChessBase"]
[SourceDate "2014.11.20"]
[SourceVersion "1"]
[SourceVersionDate "2014.11.20"]
[SourceQuality "1"]

1. e4 e5 2. Nf3 Nc6 3. Bc4 Bc5 4. 0-0 d6 5. h3 Nf6 6. d3 h6 7. Nc3 0-0 8. Na4 Bb6 9. Nxb6 axb6 10. c3 Be6 11. Bxe6 fxe6 12. Qb3 Qd7 13. Be3 Kh8 14. Nh4 Qf7 15. Qc2 Nh5 16. Qe2 Nf4 17. Bxf4 exf4 18. d4 g5 19. Nf3 Rae8 20. g3 Rg8 21. e5 d5 1/2-1/2